Real-time Iterative Learning Control Design and Applications /

Iterative learning control (ILC) has been a major control design methodology for twenty years; numerous algorithms have been developed to solve real-time control problems, from MEMS to batch reactors, characterised by repetitive control operations. Real-time Iterative Learning Control demonstrates h...

Πλήρης περιγραφή

Λεπτομέρειες βιβλιογραφικής εγγραφής
Κύριοι συγγραφείς: Xu, Jian-Xin (Συγγραφέας), Panda, Sanjib K. (Συγγραφέας), Lee, Tong Heng (Συγγραφέας)
Συγγραφή απο Οργανισμό/Αρχή: SpringerLink (Online service)
Μορφή: Ηλεκτρονική πηγή Ηλ. βιβλίο
Γλώσσα:English
Έκδοση: London : Springer London, 2009.
Σειρά:Advances in Industrial Control,
Θέματα:
Διαθέσιμο Online:Full Text via HEAL-Link
LEADER 04328nam a22005895i 4500
001 978-1-84882-175-0
003 DE-He213
005 20151204142029.0
007 cr nn 008mamaa
008 100301s2009 xxk| s |||| 0|eng d
020 |a 9781848821750  |9 978-1-84882-175-0 
024 7 |a 10.1007/978-1-84882-175-0  |2 doi 
040 |d GrThAP 
050 4 |a TJ212-225 
072 7 |a TJFM  |2 bicssc 
072 7 |a TEC004000  |2 bisacsh 
082 0 4 |a 629.8  |2 23 
100 1 |a Xu, Jian-Xin.  |e author. 
245 1 0 |a Real-time Iterative Learning Control  |h [electronic resource] :  |b Design and Applications /  |c by Jian-Xin Xu, Sanjib K. Panda, Tong Heng Lee. 
264 1 |a London :  |b Springer London,  |c 2009. 
300 |a XVI, 194 p.  |b online resource. 
336 |a text  |b txt  |2 rdacontent 
337 |a computer  |b c  |2 rdamedia 
338 |a online resource  |b cr  |2 rdacarrier 
347 |a text file  |b PDF  |2 rda 
490 1 |a Advances in Industrial Control,  |x 1430-9491 
505 0 |a to ILC: Concepts, Schematics, and Implementation -- Robust Optimal ILC Design for Precision Servo: Application to an XY Table -- ILC for Precision Servo with Input Non-linearities: Application to a Piezo Actuator -- ILC for Process Temperature Control: Application to a Water-heating Plant -- ILC with Robust Smith Compensator: Application to a Furnace Reactor -- Plug-in ILC Design for Electrical Drives: Application to a PM Synchronous Motor -- ILC for Electrical Drives: Application to a Switched Reluctance Motor -- Optimal Tuning of PID Controllers Using Iterative Learning Approach -- Calibration of Micro-robot Inverse Kinematics Using Iterative Learning Approach -- Conclusion. 
520 |a Iterative learning control (ILC) has been a major control design methodology for twenty years; numerous algorithms have been developed to solve real-time control problems, from MEMS to batch reactors, characterised by repetitive control operations. Real-time Iterative Learning Control demonstrates how the latest advances in ILC can be applied to a number of plants widely encountered in practice. The authors provide a hitherto lacking systematic introduction to real-time ILC design and source of illustrative case studies for ILC problem solving; the fundamental concepts, schematics, configurations and generic guidelines for ILC design and implementation are enhanced by a well-selected group of representative, simple and easy-to-learn example applications. Key issues in ILC design and implementation in the linear and nonlinear plants that pervade mechatronics and batch processes are addressed. In particular, the book discusses: • ILC design in the continuous- and discrete-time domains; • design in the frequency and time domains; • design with problem-specific performance objectives including robustness and optimality; • design by means of classical tools based on Bode plots and state space; and • iterative-learning-based parametric identification. Real-time Iterative Learning Control will interest control engineers looking for examples of how this important control technique can be applied to a variety of real-life problems. With its systematic formulation and analysis of different system properties and performance and its exposition of open problems, academics and graduate students working in control will find it a useful reference to the current status of ILC. 
650 0 |a Engineering. 
650 0 |a Chemical engineering. 
650 0 |a Engineering design. 
650 0 |a Control engineering. 
650 0 |a Manufacturing industries. 
650 0 |a Machines. 
650 0 |a Tools. 
650 0 |a Electronics. 
650 0 |a Microelectronics. 
650 1 4 |a Engineering. 
650 2 4 |a Control. 
650 2 4 |a Industrial Chemistry/Chemical Engineering. 
650 2 4 |a Manufacturing, Machines, Tools. 
650 2 4 |a Engineering Design. 
650 2 4 |a Electronics and Microelectronics, Instrumentation. 
700 1 |a Panda, Sanjib K.  |e author. 
700 1 |a Lee, Tong Heng.  |e author. 
710 2 |a SpringerLink (Online service) 
773 0 |t Springer eBooks 
776 0 8 |i Printed edition:  |z 9781848821743 
830 0 |a Advances in Industrial Control,  |x 1430-9491 
856 4 0 |u http://dx.doi.org/10.1007/978-1-84882-175-0  |z Full Text via HEAL-Link 
912 |a ZDB-2-ENG 
950 |a Engineering (Springer-11647)